| 000 | 00000nam 2200000zi 4500 |
| 001 | 9.940655 |
| 003 | CaOODSP |
| 005 | 20250121122237 |
| 006 | m o d f |
| 007 | cr mn||||||||| |
| 008 | 240716t20242024onc o f000 0 eng d |
| 020 | |a9780660728148 |
| 040 | |aCaOODSP|beng|erda|cCaOODSP |
| 041 | 0 |aeng|afre |
| 043 | |an-cn--- |
| 086 | 1 |aCi4-245/2024E-PDF |
| 245 | 00|a2023-24 IRCC online tracking surveys : |bmethodology report / |cprepared for Immigration, Refugees and Citizenship Canada. |
| 264 | 1|aOttawa ON : |bImmigration, Refugees and Citizenship Canada = Immigration, réfugiés et citoyenneté Canada, |c2024. |
| 264 | 4|c©2024 |
| 300 | |a1 online resource (16 pages) + |eappendix (65 unnumbered pages) + executive summary (4 pages) |
| 336 | |atext|btxt|2rdacontent |
| 337 | |acomputer|bc|2rdamedia |
| 338 | |aonline resource|bcr|2rdacarrier |
| 500 | |aIssued also in French under title: 2023-24 sondages de suivi en ligne d'IRCC : rapport méthodologique. |
| 500 | |a"Supplier: Leger Marketing Inc." |
| 500 | |a"Contract number: CW2325246." |
| 500 | |a"Registration number: POR 031-23." |
| 546 | |aText chiefly in English; includes some text in French. |
| 650 | 0|aImmigrants|zCanada|xPublic opinion. |
| 650 | 0|aRefugees|zCanada|xPublic opinion. |
| 650 | 0|aImmigrants|xGovernment policy|zCanada|xPublic opinion. |
| 650 | 0|aRefugees|xGovernment policy|zCanada|xPublic opinion. |
| 650 | 0|aPublic opinion|zCanada. |
| 651 | 0|aCanada|xEmigration and immigration|xPublic opinion. |
| 651 | 0|aCanada|xEmigration and immigration|xGovernment policy|xPublic opinion. |
| 710 | 1 |aCanada. |bImmigration, Refugees and Citizenship Canada, |eissuing body. |
| 710 | 2 |aLéger Marketing, |econsultant. |
| 775 | 08|t2023-24 sondages de suivi en ligne d'IRCC : |w(CaOODSP)9.940657 |
| 794 | |t2024-25 IRCC online tracking survey : |w(CaOODSP)9.947201 |
| 795 | |t2022-23 IRCC online tracking surveys : |w(CaOODSP)9.923577 |
| 856 | 40|qPDF|s424 KB|uhttps://publications.gc.ca/collections/collection_2024/ircc/Ci4-245-2024-eng.pdf|z(methodology report) |
| 856 | 40|qPDF|s815 MB|uhttps://publications.gc.ca/collections/collection_2024/ircc/Ci4-245-2024-1.pdf|z(appendix 3) |
| 856 | 40|qPDF|s249 KB|uhttps://publications.gc.ca/collections/collection_2024/ircc/Ci4-245-2024-2-eng.pdf|z(executive summary) |
| 856 | 4 |qHTML|sN/A|uhttps://epe.bac-lac.gc.ca/100/200/301/pwgsc-tpsgc/por-ef/immigration_refugees/2024/031-23-e/031-23-report.html|z(methodology report) |
| 856 | 4 |qHTML|sN/A|uhttps://epe.bac-lac.gc.ca/100/200/301/pwgsc-tpsgc/por-ef/immigration_refugees/2024/031-23-e/031-23-instrument-appendix.htm|z(appendix 3) |
| 856 | 4 |qHTML|sN/A|uhttps://epe.bac-lac.gc.ca/100/200/301/pwgsc-tpsgc/por-ef/immigration_refugees/2024/031-23-e/summary/031-23-summary.html|z(executive summary) |